000
00330nam a22001337a 4500
008
190226b xxu||||| |||| 00| 0 eng d
020
_a
9781567512021
041
_a
eng
080
_a
321
100
_a
19
101
_a
SHP
245
_a
The Common Courage Reader. Essays for an informed Democracy
_c
Griffith, K
942
_2
udc
_c
BK
999
_c
54283
_d
54283